000 00643cam a22002291 4500
001 ne 65000161
003 DLC
005 20260227111810.0
008 870929m19631967tu abcj 000 0 tur
010 _ane 65000161
035 _a(OCoLC)16771734
040 _aDLC
_cOrPS
_dDLC
042 _apremarc
043 _aa-tu---
050 0 0 _aDR440
_b.O4
100 1 _aÖztuna, T. Yılmaz.
245 1 0 _aBaşlangıcından zamanımıza kadar Türkiye tarihi.
260 _a[İstanbul]
_bHayat Kitapları
_c[1963-67]
300 _a12 v.
_billus., geneal. tables, maps, ports.
_c20 cm.
651 0 _aTurkey
_xHistory.
740 0 _aTürkiye tarihi.
999 _c47877
_d47877